| 000 | 01353cam a2200229 4500 | ||
|---|---|---|---|
| 001 | WB3926-06 | ||
| 008 | 030709n2003 000 0 eng u | ||
| 035 | _a(Sirsi) u122966 | ||
| 245 | _aFuture UK regional policy consultation | ||
| 260 | _c2003 | ||
| 490 |
_aRICS Policy Unit Submission _v(044-NJ-2003) 4 July 2003 (7) |
||
| 520 | _aRICS supports the proposal in the DTI consultation "A modern regional policy for the United Kingdom" that the European Commission should establish central principles for the allocation of state aid funding with individual member states deciding on how to allocate the money nationally. RICS in its response to the consultation recommends the creation of a spatial strategy for the UK to provide each region with its own regional development plan and a major restructuring of the regional aid system. The DTI consultation is available at http://www.dti.gov.uk/europe/consultation.pdf and the RICS response at the address below. http://www.rics.org/ricscms/bin/show?class=Policy&template=/includes/showpolicy.html&id=780&faculty=RICS | ||
| 590 | _aWB | ||
| 650 | _aREGIONAL DEVELOPMENT | ||
| 650 | _aSTATE AID | ||
| 650 | _aSPATIAL PLANNING | ||
| 650 | _aEUROPEAN COMMISSION | ||
| 650 | _aREGIONAL DEVELOPMENT AGENCIES | ||
| 650 | _aEUROPEAN UNION | ||
| 690 | _aPROPERTY-PROPERTY DEVELOPMENT | ||
| 942 | _n0 | ||
| 999 |
_c73017 _d73017 |
||